[Event "Gashimov Memorial 3rd"]
[Site "Shamkir"]
[Date "2016.05.30"]
[Round "5"]
[White "Caruana, Fabiano"]
[Black "Radjabov, Teimour"]
[Result "1-0"]
[WhiteElo "2804"]
[BlackElo "2726"]
[Annotator "Szabo,Kr"]
[PlyCount "71"]
[EventDate "2016.05.26"]
[EventType "tourn"]
[EventRounds "9"]
[EventCountry "AZE"]
[EventCategory "20"]
[SourceTitle "CBM 173"]
[Source "ChessBase"]
[SourceDate "2016.07.12"]
[SourceVersion "1"]
[SourceVersionDate "2016.07.12"]
[SourceQuality "1"]

1. e4 c5 2. Nf3 Nc6 3. Bb5 g6 4. Bxc6 dxc6 5. d3 Bg7 6. h3 Nf6 7. Nc3 O-O 8.
Bf4 (8. Be3 {is much more popular.}) 8... b6 {A rare move.} ({Radjabov had
already played in a blitz game the common} 8... Nh5 {,} 9. Be3 b6 10. g4 Nf6
11. Qd2 e5 12. Bh6 Qd6 13. Qe3 Ne8 14. Ne2 f6 {Grischuk-Radjabov, Astana blitz
2012, with a balanced position.}) 9. Qd2 Re8 10. O-O-O a5 11. Ne5 $5 $146 {
An interesting novelty by Caruana.} (11. g4 a4 12. Be5 b5 13. g5 (13. Ne2 $5)
13... Nh5 14. Bxg7 Kxg7 15. Ne2 e5 (15... Qd6 $5) 16. Ng3 Nxg3 17. fxg3 {
(Dolzhikova-Aslanian, Nikolaev 2008)} Qe7 {with a balanced middlegame.}) 11...
b5 {Black also continues his attack on the queenside.} 12. Qe3 ({The greedy} 
12. Nxc6 $6 {is too dangerous, as} Qb6 13. Ne5 a4 $36 {and Black has a strong
initiative for the P.}) 12... Qb6 13. Bh6 Bh8 14. f4 a4 {Both players continue
their plan.} 15. Rhf1 e6 $6 {Black wants to prevent f5, but this is too
passive.} ({Probably} 15... Nd7 {was more accurate} 16. Nxd7 Bxd7 17. e5 (17.
f5 $2 {is bad, because of} a3 $1 {and thanks to the h8-B Black has a strong
attack.}) 17... f5 $1 $132 {with a double-edged fight.}) 16. g4 a3 $6 {Another
inaccuracy.} ({In the event of} 16... b4 17. Nb1 b3 18. cxb3 axb3 19. a3 $14 {
followed by Nd2-c4 White is more comfortable.}) 17. b4 $1 {A very smart
solution for the queenside.} Nd7 18. Nxd7 Bxd7 19. e5 $1 {White doesn't hurry
to take on c5. First he completely closes in the h8-B, moreover he frees the
e4-square for the N.} f5 $8 {The only move, otherwise Ne4 is too dangerous.}
20. Ne2 Bg7 {Black tries to exchange his passive B.} 21. Bxg7 Kxg7 22. h4 $1 {
A very strong reaction; White simply concentrates on the attack on the
kingside.} fxg4 23. h5 {The h-P is like a battering ram!} gxh5 24. Ng3 (24. f5
$5 {was also very strong.}) 24... Kh8 25. Nxh5 $18 {White has a decisive
attack on the queenside. Black can't avoid Nf6.} Re7 26. Nf6 Be8 27. f5 exf5
28. Rxf5 Qc7 29. Rg5 Rg7 30. Rh1 Bg6 31. Rxg4 Qf7 {Black tries hard to defend
himself, but his position is hopeless.} 32. Kb1 {A cool-blooded reply by
Caruana.} ({Nevertheless} 32. Qxc5 {was stronger:} Qxa2 33. Qxc6 Qb2+ 34. Kd2
$18 {and White is winning.}) 32... cxb4 33. Qd4 Bf5 $6 {Loses immediately, but
Black's position was already bad.} (33... Qa7 $142 {was tougher.}) 34. e6 $1 {
Another strong blow, this isn't the only winning move.} Rxg4 35. exf7 Rxd4 36.
Ne8 $1 {What a brilliant finish!} 1-0

[Event "Gashimov Memorial 3rd"]
[Site "Shamkir"]
[Date "2016.06.02"]
[Round "7"]
[White "Karjakin, Sergey"]
[Black "Radjabov, Teimour"]
[Result "1/2-1/2"]
[WhiteElo "2779"]
[BlackElo "2726"]
[Annotator "Sadorra,J"]
[PlyCount "65"]
[EventDate "2016.05.26"]
[EventType "tourn"]
[EventRounds "9"]
[EventCountry "AZE"]
[EventCategory "20"]
[SourceTitle "CBM 173"]
[Source "ChessBase"]
[SourceDate "2016.07.12"]
[SourceVersion "1"]
[SourceVersionDate "2016.07.12"]
[SourceQuality "1"]

{This top-level encounter essays a trendy & sound variation for Black in the
French Winawer.} 1. e4 e6 2. d4 d5 3. Nc3 Bb4 4. e5 c5 5. a3 Bxc3+ 6. bxc3 Qa5
{This is dubbed by French expert Moskalenko as the Portisch-Hook Variation.
Notable practicioners of this variation recently are GMs Kovalenko, Akopian
and Bartel.} (6... Ne7 7. h4 Qa5 8. Bd2 Qa4 9. h5 h6 10. Nf3 Nbc6 {transposes
to the main game.}) 7. Bd2 Qa4 8. h4 {The more accurate move order.} (8. Nf3 {
first can be met with} b6 $1 {with the idea to trade light-squared bishops
giving Black an easy game.}) 8... Nc6 (8... b6 $6 {is not effective as White
has the possibility to quickly pressure Black's kingside:} 9. h5 h6 10. Qg4 $1
Kf8 11. Rh3 $36) 9. Nf3 Nge7 10. h5 h6 {Here we have actually transposed into
one of the tabiya positions of the standard Winawer 6...Ne7 7.h4--see line
under move 6.} 11. Rb1 ({the more popular move is} 11. Rh4 c4 12. Rf4 Bd7 13.
g3 Rf8 14. Bh3 O-O-O {White has good statistics in this position owing to his
space advantage, but I believe Black can hold this position if he knows where
to place his pieces:} 15. Kf1 (15. Nh4 Rde8 $1) 15... Kb8 16. Kg1 (16. Nh4 Rde8
$1) 16... Ka8 17. Nh4 $1 Rde8 18. Rc1 Nd8 $11 {0-1 (40) Vishnu,P (2463)-Gong
Qianyun (2349) Yangon MYA 2014. For more analysis on this line, see my
annotations in Tomzcak-Bartel in CBM 172.}) 11... c4 {One of the typical plans
in this variation is to close the centre and castle queenside.} 12. g3 b6 $146
({A move played before was the unecessary pawn sac} 12... Bd7 $6 13. Rxb7 O-O-O
14. Qb1 Qa6 15. Rb2 (15. Rb3 $5) 15... Kc7 16. Bh3 Rb8 17. Rxb8 Rxb8 18. Qc1
Rb5 19. O-O $16 {1-0 (44) Kalegin,E (2467)-Yakimenko,A (2211) St Petersburg
2011}) 13. Bh3 Bd7 14. O-O O-O-O $11 {Black has secured his king safety and
can choose to create play on either side of the board depending on what White
does.} 15. Nh4 Rdg8 ({Taking the king to a8 first is also possible:} 15... Kb8
16. Ng2 (16. f4 g6 $1) 16... Ka8 17. Re1 Rdg8 $11) 16. Ng2 Kb8 17. Re1 Bc8 18.
Kh2 Ka8 19. Bf4 Rf8 $1 {Preparing a possible pawn break. Both sides are solid,
and the nice thing is that Black can choose to play quietly and prepare things.
} (19... g5 20. Bd2 {and there is no good follow-up for Black.}) 20. Qc1 $6 ({
It was necessary to play the prophylactic} 20. Bd2 $1 g5 $6 (20... g6 21. hxg6
fxg6 22. Nf4 Nd8 $13 (22... g5 23. Nxe6 Rxf2+ 24. Kg1 Bxe6 25. Bxe6 Rhf8 26.
Bg4)) (20... Rfg8 $11) 21. f4 $1 gxf4 22. Bxf4 Ng8 23. Nh4 $14 {and Black only
weakened his kingside.}) 20... Rhg8 {Black is still fine, but now White has
time to neutralise any future breaks on the kingside.} (20... g5 $1 {is worth
a try to reach an imbalanced game:} 21. Bd2 (21. hxg6 fxg6 22. Be3 g5 $36 23.
f4 Rfg8 $1 (23... gxf4 $6 24. Nxf4 Nd8 25. Nh5 $13) ({but} 23... Rhg8 {
although not as strong could provide good compensation for the pawn} 24. fxg5
hxg5 25. Bxg5 Rf2 26. Rb2 (26. Qe3 Rxc2 (26... Qxc2 $6 27. Rbc1 Qa2 28. Ra1 $11
) 27. Rbc1 (27. Bf6 Qxa3) 27... Rb2 28. Ra1 Qc2 $17) 26... Qxa3) 24. fxg5 hxg5
25. Bxg5 Qa5 $1 {this move isn't easy to spot otb} 26. Bxe7 (26. Bd2 Nf5) (26.
Qd2 Nf5 27. Nh4 Rh5 $17) 26... Nxe7 27. Re3 Nf5 $40) 21... Ng8 $1 {a very
strong manoeuvre to get the knight on to f6 after a future f6 exf6, which is
the reason why in some lines Black delays the development of the knight on g8.}
(21... Rhg8 22. Ne3 $1 f5 23. exf6 Rxf6 24. Ng4) 22. f4 {otherwise f6/f5 is
coming} Rh7 $5 {another useful manoeuvre} (22... f6 23. Rf1 gxf4 (23... fxe5
24. fxg5) 24. Rxf4 $11) (22... f5 $5 23. fxg5 (23. exf6 Nxf6 24. Bxe6 Bxe6 25.
Rxe6 Nd8 $1 (25... Ne4 26. Ne3 $132) 26. Re7 Re8 $36) 23... hxg5 24. Bxg5 Rxh5
$40) 23. Rf1 (23. fxg5 $6 hxg5 24. Bxg5 (24. g4 f6 25. exf6 (25. Rf1 Rhf7)
25... Nxf6 26. Bxg5 Ne4 $36) 24... Rxh5) (23. g4 f6 24. exf6 gxf4 25. Nxf4 Nxf6
26. Ng6 Rg8 27. Rf1 Ne4 $15) 23... f5 24. exf6 g4 $1 25. Bxg4 Nxf6 26. Bf3 Rg8
27. Nh4 Ne7 $36 {[%csl Rg3,Rh5][%cal Gh7g7,Gg8g3,Ga4e8,Ge8h5] with strong
compensation in the form of good squares for the Black pieces and targets of
attack.}) 21. Re2 Rh8 (21... g5 $2 22. hxg6 fxg6 (22... Nxg6 23. Bxh6) 23. Bxh6
$16) 22. Re1 $6 Rh7 $6 (22... g5 $1 {another chance! This goes to show that
neither side wants to take risks and both are content with a draw.}) 23. Bd2
Rhh8 24. Re2 Rh7 {This is the nature of this variation - when the centre gets
closed up, both sides can choose to do nothing (avoid pawn breaks) and the
game is essentially a blockade as the following moves show:} 25. Kg1 Rhh8 26.
Ra1 Rh7 27. Kh2 Rhh8 28. Ne3 Ng8 29. Ng2 Nge7 30. Bf4 Ng8 31. Bd2 Nge7 32. Bf4
Ng8 33. Bd2 {A solid game from Black who actually had chances to go for more,
but only if he had wanted to!} 1/2-1/2

[Event "Gashimov Memorial 3rd"]
[Site "Shamkir"]
[Date "2016.06.03"]
[Round "8"]
[White "Radjabov, Teimour"]
[Black "Harikrishna, Pentala"]
[Result "1/2-1/2"]
[WhiteElo "2726"]
[BlackElo "2763"]
[Annotator "Besenthal,K"]
[PlyCount "71"]
[EventDate "2016.05.26"]
[EventType "tourn"]
[EventRounds "9"]
[EventCountry "AZE"]
[EventCategory "20"]
[SourceTitle "CBM 173"]
[Source "ChessBase"]
[SourceDate "2016.07.12"]
[SourceVersion "1"]
[SourceVersionDate "2016.07.12"]
[SourceQuality "1"]

1. d4 Nf6 2. c4 e6 3. Nf3 b6 4. g3 Ba6 5. Qc2 Bb7 6. Bg2 c5 7. d5 exd5 8. cxd5
Nxd5 9. O-O Nc6 10. Rd1 Be7 {Diagramm [#] Eine bereits hundertfach erreichte
Stellung. Weiß hat einen Bauern geopfert, aber nach dem Verschwinden des Be6
ist das Feld f5 für den weißen Springer zugänglich - zusammen mit dem Druck
in der d-Linie und dem rückständigen Bauern d7 besitzt der Anziehende
reichlich Kompensation und Schwarz tut gut daran, den Bauern beizeiten
zurückzugeben.} 11. Qa4 Nf6 12. Nh4 O-O ({Nur eine Blitzpartie, aber sie
illustriert, was passiert, wenn Schwarz den Bauern zu halten versucht:} 12...
g6 13. Bh6 Bf8 14. Bg5 Bg7 15. Nc3 h6 16. Bf4 O-O 17. Nb5 Ne8 18. Rd2 g5 19.
Rad1 a6 20. Nd6 Nxd6 21. Bxd6 b5 22. Qa3 gxh4 23. Bxf8 Bxf8 24. Rxd7 Qb6 25.
Qf3 Nd8 26. Qg4+ Kh8 27. Rxd8 Rxd8 28. Rxd8 Qxd8 29. Bxb7 h3 30. Qxh3 Qd1+ 31.
Kg2 Qxe2 32. Qf5 Kg7 33. Be4 Qxb2 34. Qh7+ Kf6 35. Qh8+ Bg7 36. Qd8+ Ke6 37.
Qd5+ Ke7 38. Qb7+ Kd8 39. Qa8+ Kc7 40. Qb7+ Kd8 41. Qa8+ Kc7 42. Qb7+ Kd8 43.
Qb6+ {1/2-1/2 (43) Sychev,K (2415)-Navara,D (2730) Minsk 2015}) 13. Nf5 d5 14.
Nc3 Nd4 15. Nxd4 cxd4 16. Qxd4 ({Oder} 16. Rxd4 Qe8 17. Qxe8 Rfxe8 18. Rd1 Bb4
19. Bd2 Bxc3 20. Bxc3 Rxe2 21. Bf3 Re6 22. Bxf6 Rxf6 23. Bxd5 Bxd5 24. Rxd5 g6
25. Rad1 Rc6 26. Rd7 Rc2 27. Rb7 Rxb2 28. Rdd7 Rf8 29. Rxa7 b5 30. Rdb7 b4 31.
h4 h5 32. Kg2 Kg7 33. Ra4 Rc8 34. Rbxb4 Rcc2 35. Rxb2 Rxb2 36. Ra7 Kf6 37. a4
Ra2 38. Ra8 Kf5 39. a5 Ra3 40. Ra7 Kf6 41. Ra8 Kf5 42. Ra7 Kf6 43. a6 Ke6 44.
f3 Kf6 45. Kf2 Ke5 46. Ke2 Kf6 47. Ra8 Kf5 48. Kf2 Kf6 49. g4 Ke5 50. a7 Kf6
51. gxh5 gxh5 52. Rh8 Rxa7 53. Rxh5 Ra1 54. Rb5 Rh1 55. Kg3 Kg6 56. Rb6+ f6 57.
Rb5 Kh6 58. Kg4 Kg6 59. h5+ Kh6 60. f4 Rg1+ 61. Kf5 Kxh5 62. Kxf6+ Kh6 63. Rb2
Rg6+ 64. Kf7 Rg7+ 65. Kf8 Rg4 66. Rb4 Kg6 67. f5+ Kxf5 68. Rxg4 Kxg4 {1/2-1/2 
(68) Nakamura,H (2776)-Harikrishna,P (2723) Caleta 2015}) 16... Bc5 17. Qh4 Ne4
18. Qxd8 Raxd8 19. Bxe4 dxe4 20. Be3 Bxe3 21. fxe3 Rxd1+ 22. Rxd1 Bc6 23. Nd5
Bxd5 24. Rxd5 {Diagramm [#] Die Stellung ist völlig ausgeglichen. Der weiße
König kann die schwachen Bauern bequem von f2 aus schützen, ohne selber
angegriffen werden zu können.} Rc8 25. Rd7 h5 26. Rxa7 Rc2 27. Kf2 Rxb2 28. a4
g6 29. a5 bxa5 30. Rxa5 f5 31. h4 Kg7 32. Ra7+ Kf6 33. Ra6+ Kf7 34. Ra7+ Kf6
35. Ra6+ Kf7 36. Ra7+ {Diagramm [#] Die Partie dauerte nur zwei Stunden und
trotzdem ist das Brett fast vollkommen leergefegt. Der Zuschauer, der sich
"erst später zugeschaltet" hatte, wähnte sich fast beim Schnellschach.}
1/2-1/2

[Event "Gashimov Memorial 3rd"]
[Site "Shamkir"]
[Date "2016.06.04"]
[Round "9"]
[White "Eljanov, Pavel"]
[Black "Radjabov, Teimour"]
[Result "1/2-1/2"]
[WhiteElo "2765"]
[BlackElo "2726"]
[Annotator "Iotov,V"]
[PlyCount "88"]
[EventDate "2016.05.26"]
[EventType "tourn"]
[EventRounds "9"]
[EventCountry "AZE"]
[EventCategory "20"]
[SourceTitle "CBM 173"]
[Source "ChessBase"]
[SourceDate "2016.07.12"]
[SourceVersion "1"]
[SourceVersionDate "2016.07.12"]
[SourceQuality "1"]

1. d4 Nf6 2. Bf4 g6 3. Nc3 {A line with increasing popularity in the last
several years that has eagerly been played by many GMs.} d5 4. e3 (4. Qd2 Bg7 (
4... c6 5. f3 $5 b5 6. a3 Bg7 7. Bh6 Bxh6 8. Qxh6 Qd6 9. e3 e5 10. Bd3 Nbd7 11.
Nge2 a6 12. b4 a5 13. O-O {1-0 Jobava,B (2713)-Winants,L (2545)/Tromso NOR 2014
}) 5. Bh6 (5. O-O-O $5) 5... O-O (5... Bxh6 6. Qxh6 Bf5 (6... c5 7. dxc5 Qa5 8.
O-O-O Qxc5 9. e3 Nc6 10. Nge2 Bf5 11. Nd4 $14 {1-0 Grischuk,A (2810)-Dominguez
Perez,L (2726)/Beijing CHN 2014}) 7. Qd2 c5 8. e3 cxd4 9. exd4 Nc6 10. f3 h5
11. Bb5 Qd6 12. Nge2 a6 13. Bxc6+ Qxc6 14. O-O h4 $11 {1-0 Jobava,B (2661)
-Demchenko,A (2589)/Gjakova KOS 2016}) 6. Bxg7 Kxg7 7. Nf3 b6 8. O-O-O Bb7 9.
h4 h5 10. Ne5 c5 11. e3 Nc6 12. Be2 Rh8 13. f4 e6 14. Kb1 Ne7 15. g4 $14 {
0-1 Ponomariov,R (2744)-Nepomniachtchi,I (2720)/Moscow RUS 2010}) 4... Bg7 5.
Be2 c6 6. h4 h6 7. Nf3 Qa5 {Radjabov prepares for a queenside attack with
b5-b4.} (7... O-O 8. Qd2 (8. Ne5 Qb6 $5 $132) 8... Nbd7 9. Ne5 (9. O-O-O b5 $36
) 9... Nxe5 10. Bxe5 $14) 8. Qd2 (8. Nd2 $5 {[%cal Gg2g4,Yd2b3] A typical
response to ...Qa5 ideas in a variaty of chess positions. Furthermore, White
prepares a possible f3-e4 central push.} h5 9. Nb3 Qd8 10. Qd2 O-O 11. f3 a5
12. a4 $14) 8... Bg4 $1 {Exchanging the light-squared bishops is Radjabov's
main priority in this position. Without them, the black knight would always be
able to safely retreat to h5, if needed.} 9. Ne5 (9. b4 Qd8 $1 10. b5 O-O $11)
9... Bxe2 10. Qxe2 Qa6 $5 {The more pieces are exchanged, the easier
Radjabov's defence becomes.} (10... Ne4 11. O-O Nxc3 12. bxc3 O-O (12... Qxc3
$6 13. Rab1 b5 14. Rb3 Qa5 15. e4 Qd8 16. Qe3 h5 17. a4 bxa4 18. Rxb8 Qxb8 19.
Nxf7 Qc8 20. Nxh8 Bxh8 21. e5 $16) (12... Bxe5 13. Bxe5 O-O 14. h5 $40) 13. c4
$14) 11. Qf3 (11. Qd2 $5 {[%cal Gf2f3,Ge3e4]}) 11... Nbd7 (11... h5 12. O-O-O (
12. g4 hxg4 13. Nxg4 Nbd7 14. Nxf6+ Nxf6 15. O-O-O Nh5 $11) 12... Nbd7 13. Kb1
$14) 12. a3 $6 {Simply, a waste of time! Eljanov could have used that time to
initiate a kingside attack rather than prevent a possible b5-b4 push.
Furthermore, even if the b5-b4 push is to happen, the a3-pawn could become a
possible weakness in White's queenside defence.} (12. g4 $1 b5 13. Nd3 Qb7 14.
g5 hxg5 15. hxg5 Rxh1+ 16. Qxh1 Nh5 17. Bh2 $14) 12... Nxe5 $6 (12... h5 $1 {
Preventing any g4 shenanigans.} 13. Qh3 {[%csl Ye6][%cal Gh3e6,Ge7e6]} (13.
O-O-O e6 $11 {[%cal Gc6c5]}) 13... Nxe5 14. Bxe5 b6 $1 $11 {[%cal Ga6c8]} (
14... b5 $6 15. Na2 $1 $14 {[%csl Yd3][%cal Ga2b4,Gb4d3]})) 13. Bxe5 O-O 14. g4
Nd7 15. Bxg7 Kxg7 16. h5 (16. O-O-O $142 {The move order in this situation
appears to make almost zero difference, but I would still argue that leaving
more options in the positions is always vital!}) 16... g5 17. e4 $6 {There is
no need for Eljanov to rush with the central push, especially when the king is
still in the centre.} (17. O-O-O $142 Nf6 18. Kb1 b5 19. e4 dxe4 20. Nxe4 $14 {
[%csl Yc5][%cal Ge4c5]}) 17... e6 (17... dxe4 $5 18. Qxe4 (18. Nxe4 Qa5+ 19.
Nc3 Nf6 20. O-O-O Rad8 21. Rd3 Rd7 $11) 18... Qb6 19. O-O-O Qc7 20. f4 Qxf4+
21. Qxf4 gxf4 22. Rhf1 Rg8 23. Rxf4 Nf6 $132) 18. Qe3 (18. O-O-O b5 19. Qd3
Rab8 20. f4 gxf4 21. Rhg1 $1 (21. Rhf1 Qa5 22. Rxf4 b4 23. axb4 Qxb4 24. b3 c5
$1 25. exd5 e5 26. Rf5 Qa3+ 27. Kd2 $8 cxd4 28. Ne4 Qa5+ 29. Kc1 Qa1+ 30. Kd2
Qa5+ $11) 21... Qb6 22. g5 b4 23. gxh6+ Kh8 24. Ne2 e5 $1 $132) 18... dxe4 (
18... f5 $1 {Utilising the enemy's unsafe king position.} 19. gxf5 exf5 20. e5
Rf7 {[%cal Gd7f8,Gf8e6]} 21. O-O-O Nf8 $132) 19. Nxe4 Qa5+ 20. c3 Qc7 $11 {
Having no weaknesses and acquiring a firm control over the square f4, it
appears that Radjabov has solved all his problems! The rest of the game is
simply a matter of playing solid chess.} (20... f5 $1 21. Nxg5 $5 (21. Nc5 Nxc5
22. Qe5+ Rf6 23. dxc5 Qa4 24. gxf5 Re8 $1 $36) 21... hxg5 22. Qxg5+ Kf7 23. Qf4
Qa4 $1 24. g5 Qb3 $13) 21. O-O-O Nb6 22. Kb1 (22. Nc5 Nd5 23. Qe5+ Qxe5 24.
dxe5 b6 25. Ne4 f6 26. exf6+ Nxf6 27. Nxf6 Rxf6 28. Rd7+ Rf7 29. Rhd1 Raf8 $11)
22... Nd5 23. Qd2 b5 24. Nc5 a5 25. Rhe1 Qf4 $6 (25... Nf4 $11) 26. Qe2 (26.
Qxf4 $1 {Maybe Eljanov's last chance to fight for the positional advantage. It
is also important to note that this endgame would be easily equalised if the
knights are also exchanged - something to consider when fighting for the
advantage.} Nxf4 27. a4 $14) 26... Rad8 (26... Rfb8 $5 {[%csl Ga5,Ya8,Gb5,Yb8]}
) 27. Nd3 Qd6 28. Qd2 Rb8 29. Qc2 Rfd8 30. Nc5 Nf4 31. Qe4 Qd5 32. Nd3 (32. f3
$5 {[%csl Ye4]}) 32... Qxe4 33. Rxe4 Nxd3 34. Rxd3 a4 $11 35. Kc2 Rd5 36. Re5
Rbd8 37. Rde3 R8d7 38. Kd3 Kf8 39. Ke4 Ke7 40. Kf3 R7d6 41. Ke2 Rd8 42. Kf3
R8d6 43. Ke2 Rd8 44. Kf3 R8d6 {With very few major mistakes having been made,
I consider this to be a decent game by both players!} 1/2-1/2